000 00295nam a22001337a 4500
008 170623b xxu||||| |||| 00| 0 eng d
020 _a9780521446341
041 _aeng
080 _a32
100 _a21
101 _aSHP
245 _aTHE POLITICS OF TRANSITION
_cWHITE.S
942 _2udc
_cBK
999 _c19108
_d19108